Todos juntos y muertos / (Registro nro. 10640)

Detalles MARC
000 -LIDER
fixed length control field 01001cam a2200349 i 4500
001 - NÚMERO DE CONTROL
Identificador de número de control 0000462
003 - IDENTIFICACDOR DE NÚMERO DE CONTROL
control field
005 - DATE AND TIME OF LATEST TRANSACTION
control field 20230314091843.0
007 - CAMPOS FIJOS DE DESCRIPCIÓN FÍSICA
fixed length control field 0000462
008 - ELEMENTOS DE LONGITUD FIJA
fixed length control field 100514s 2011 sp | |||| 000 f spa
015 ## - NÚMERO DENTRO DE LA BIBLIOGRAFÍA NACIONAL
National bibliography number
017 ## - NÚMERO DE REGISTRO DE DERECHOS DE AUTOR
Copyright or legal deposit number
Assigning agency
020 ## - ISBN
International Standard Book Number 9788466317450
035 ## - NÚMERO LOCAL
System control number
040 ## - FUENTE DE CATALOGACIÓN
Agencia que crea de manera original el registro BPMSU
Idioma de catalogación spa
Agencia que realiza la transcripción BPMSU
Convenciones de la despripción
080 ## - NÚMERO DE CLASIFICACIÓN DECIMAL UNIVERSAL
Universal Decimal Classification number
082 #4 - NÚMERO DE CLASIFICACIÓN DECIMAL DE DEWEY
Classification number 813.5
Item number H313t 2011
Edition number 22
100 1# - ASIENTO PRINCIPAL -- NOMBRE PERSONAL
Nombre personal Harris, Charlaine,
Fechas asociadas con el nombre 1951-
240 10 - TITULO UNIFORME
Título uniforme All together dead
Idioma de una obra eng.
245 10 - MENCIÓN DE TITULO
Título Todos juntos y muertos /
Mención de responsabilidad Charlaine Harris ; traducción Omar El-Kashef Calabor
260 ## - PUBLICACIÓN, DISTRIBUCIÓN, ETC. (PIE DE IMPRENTA)
Lugar de publicación, distribución, etc Madrid:
Nombre del editor, distribuidor, etc. Santillana,
Fecha de publicación, distribución, etc 2011.
300 ## - DESCRIPCIÓN FÍSICA
Extensión 330 p. ;
Dimensiones 20 cm
490 0# - MENCIÓN DE SERIES
Mención de serie Punto de lectura
500 ## - NOTA GENERAL
Nota general Incluye datos biográficos de la autora.
500 ## - NOTA GENERAL
Nota general TRUEBLOOO:una serie original de HBO
590 ## - NOTA LOCAL
Enlace Inventariado, 2023/VM
650 #4 - ENCABEZAMIENTO DE MATERIA--TEMÁTICO
Término temático o nombre geográfico como elemento de entrada Novela estadounidense
650 #4 - ENCABEZAMIENTO DE MATERIA--TEMÁTICO
Término temático o nombre geográfico como elemento de entrada Vampiros
Subdivisión de forma Novela
700 1# - ASIENTO SECUNDARIO -- NOMBRE PERSONAL
Nombre personal El-Kashef Calador, Omar,
Mención de responsabilidad tr.
Término de relación
910 ## - VALIDACIÓN
Validación VMateo V. Control de calidad (BPMSU)
942 ## - ADDED ENTRY ELEMENTS (KOHA)
Source of classification or shelving scheme Dewey Decimal Classification
Koha item type Libros
Existencias
Withdrawn status Lost status Source of classification or shelving scheme Damaged status Not for loan Collection code Home library Current library Date acquired Source of acquisition Full call number Barcode Date last seen Price effective from Koha item type Copy number
    Dewey Decimal Classification     Colección Juvenil General Biblioteca Pública Metropolitana Salomé Ureña Biblioteca Pública Metropolitana Salomé Ureña 06/30/2016 Alfaguara BPMSU CG 813.5 H313t 2011 BPMSU16060767 06/30/2016 06/30/2016 Libros  
    Dewey Decimal Classification     Colección Juvenil General Biblioteca Pública Metropolitana Salomé Ureña Biblioteca Pública Metropolitana Salomé Ureña 06/30/2016 Alfaguara BPMSU CG 813.5 H313t 2011 BPMSU16060768 06/30/2016 06/30/2016 Libros e.2
    Dewey Decimal Classification     Colección Juvenil General Biblioteca Pública Metropolitana Salomé Ureña Biblioteca Pública Metropolitana Salomé Ureña 06/30/2016 Alfaguara BPMSU CG 813.5 H313t 2011 BPMSU16060769 06/30/2016 06/30/2016 Libros e.3